Basic marketing : a global-managerial approach

Wedi'i Gadw mewn:
Manylion Llyfryddiaeth
Prif Awdur: Pereault, William D.
Fformat: Llyfr
Iaith:Undetermined
Cyhoeddwyd: New York McGraw-Hill 1999
Pynciau:
Tagiau: Ychwanegu Tag
Dim Tagiau, Byddwch y cyntaf i dagio'r cofnod hwn!
Thư viện lưu trữ: Trung tâm Học liệu Trường Đại học Cần Thơ
LEADER 00556nam a2200193Ia 4500
001 CTU_155918
008 210402s9999 xx 000 0 und d
082 |a 658.8 
082 |b P455 
100 |a Pereault, William D. 
245 0 |a Basic marketing : a global-managerial approach 
245 0 |c William D. Pereault, E. Jerome McCarthy 
260 |a New York 
260 |b McGraw-Hill 
260 |c 1999 
650 |a Marketing,Business management 
650 |x Management 
904 |i Bằng 
980 |a Trung tâm Học liệu Trường Đại học Cần Thơ